000 00347nam a2200133Ia 4500
008 240624s9999 xx 000 0 und d
041 _aeng
082 _a338.9 ALB
100 _aALBUQUERQUE EDUARDO
245 _aDEVELOPING NATIONAL SYSTEMS OF INNOVATIO
260 _c2015
_aUk
_bEdward Elgar
300 _axi.298 p. ; 23 cm .
365 _cBPS
_b33
999 _c32177
_d32177